Aristotelis opera
Պահպանված է:
| Հիմնական հեղինակ: | |
|---|---|
| Ձևաչափ: | Գիրք |
| Լեզու: | լատիներեն |
| Հրապարակվել է: |
Berlín
Academia Regia Borussica
1831
|
| Խորագրեր: | |
| Ցուցիչներ: |
Ավելացրեք ցուցիչ
Չկան պիտակներ, Եղեք առաջինը, ով նշում է այս գրառումը!
|
MARC
| LEADER | 00000nam a2200000 a 4500 | ||
|---|---|---|---|
| 001 | UCP1347 | ||
| 003 | CL-VaPUC | ||
| 008 | 990409e18310000GW |||||||||||||||||lat|d | ||
| 082 | 0 | 4 | |a 185 |b ARI |2 21 |
| 100 | |a Aristóteles, |d 384 a.C.- 322 a.C. |e author |9 194 | ||
| 245 | 1 | 0 | |a Aristotelis opera |
| 300 | |a v | ||
| 942 | |c BK | ||
| 945 | |d 19990409 00:00:00 |a rbrito | ||
| 260 | |a Berlín |b Academia Regia Borussica |c 1831 | ||
| 500 | |a v.3: Aristoteles latine interpertibus variis | ||
| 650 | 0 | |a Filosofía griega |9 265579 | |
| 650 | 0 | |a Aristotelismo |9 347069 | |
| 650 | 0 | |a Filosofía antigua |9 255705 | |
| 583 | |a last modification |c 20121008 06:16:55 |k Rodrigo Vera | ||
| 999 | |c 280031 |d 280029 | ||
| 952 | |0 0 |1 0 |4 0 |6 185_000000000000000_ARI_1831 |7 0 |8 P |9 320008 |a BIBEDU |b BIBEDU |c BIBEDU_PB |d 2019-11-20 |h v.3 |i 3487555 |o 185 ARI 1831 |p 3487555 |r 2024-01-25 |w 2019-11-20 |y BK |k FIL | ||